000 00304nam a22001337a 4500
008 171031b xxu||||| |||| 00| 0 eng d
020 _a9780471557098
041 _aeng
080 _a33
100 _a58
101 _aBUS
245 _aTHE EXECUTIVE CAREER GUIDE FOR MBA
_cBEATTY, R.H
942 _2udc
_cBK
999 _c36772
_d36772